Σεισμοί και οικιστική ανάπτυξη : ο ρόλος του αρχιτεκτονικού, πολεοδομικού και χωροταξικού σχεδιασμού

Αποθηκεύτηκε σε:
Λεπτομέρειες βιβλιογραφικής εγγραφής
Άλλοι συγγραφείς: Μπεριάτος, Ηλίας (Επιμελητής έκδοσης), Δελλαδέτσιμας, Παύλος Μαρίνος Α. (Επιμελητής έκδοσης)
Μορφή: Βιβλίο
Γλώσσα:Greek
Δημοσίευση: Αθήνα : Κριτική, 2010.
Θέματα:
Ετικέτες: Προσθήκη ετικέτας
Δεν υπάρχουν, Καταχωρήστε ετικέτα πρώτοι!

MARC

LEADER 00000cam a2200000 a 4500
001 1/124886
008 220517s2010####gr a|||||| |||| ||gre||
020 |a 9789602186985 
040 |a GR-MyUa  |b gre  |c GR-MyUa  |e AACR2 
041 0 |a gre 
082 7 |a 363.34  |2 (23) 
245 0 0 |a Σεισμοί και οικιστική ανάπτυξη :   |b ο ρόλος του αρχιτεκτονικού, πολεοδομικού και χωροταξικού σχεδιασμού /   |c Ηλίας Μπεριάτος, Παύλος-Μαρίνος Δελλαδέτσιμας.  
260 |a Αθήνα :   |b Κριτική,   |c 2010.  
300 |a 528 σ. :   |b εικ. ;   |c 24 εκ.  
650 0 |a Regional planning. 
650 0 |a City planning. 
650 0 |a Earthquake resistant design. 
650 0 |a Housing policy  |z Greece. 
700 1 |a Μπεριάτος, Ηλίας,  |e edt 
700 1 |a Δελλαδέτσιμας, Παύλος Μαρίνος Α.  |e edt 
852 |a INST  |b LESVOS  |c EUDOXUS  |e 20220517  |h 363.34 ΣΕΙ  |p 005100064306  |q 005100064306  |t EDX  |y 0 
920 |a Εύδοξος  |b Παραγγελία  |y Λέσβος-ΤΓ  |z 2022-05 
970 |a Δημάκη  |b Μαρία  |z 17-05-2022